LIBRARY & INFORMATION CENTRE, KCAET, TAVANUR

ONLINE PUBLIC ACCESS CATALOGUE (OPAC)

Elight tales / (Record no. 4340)

MARC details
000 -LEADER
fixed length control field 00426cam a2200181ua 4500
041 ## - LANGUAGE CODE
Language code of text/sound track or separate title eng
082 ## - DEWEY DECIMAL CLASSIFICATION NUMBER
Classification number 823.301
Item number HAI/EL
100 ## - MAIN ENTRY--AUTHOR NAME
Personal name Haig Brown, Hilda .
245 ## - TITLE STATEMENT
Title Elight tales /
260 ## - PUBLICATION, DISTRIBUTION, ETC. (IMPRINT)
Place of publication London :
Name of publisher Longman ,
Year of publication 1958.
300 ## - PHYSICAL DESCRIPTION
Number of Pages 64 ; .
942 ## - ADDED ENTRY ELEMENTS (KOHA)
Koha item type Books
Holdings
Withdrawn status Lost status Damaged status Home library Current library Date acquired Full call number Accession Number Koha item type
Withdrawn     KAUAET Central Prison Tavanur 07/04/2012 823.301 9973 Books
Withdrawn     KAUAET Malayalam University 07/04/2012 823.301 9972 Books
Withdrawn     KAUAET Malayalam University 07/04/2012 823.301 9974 Books
Withdrawn     KAUAET Malayalam University 07/04/2012 823.301 9971 Books
free website counter